Tintin - Personnages du Temple du Soleil - Mort subite - Statistiques

Statistiques générales
  • Ce quiz a été pris 91 fois
  • Le résultat moyen est 6 sur 13
Answers on the Grid
Answers color-coded by a green-red scale on the quiz's grid according to % correct below.
Le capitaine Archibald Haddock
Dupond et Dupont
Le professeur Tryphon Tournesol
Bianca Castafiore
Roberto Rastapopoulos
Le général Alcazar
Nestor
Séraphin Lampion
Chiquito
Zorrino
Le professeur Hippolyte Bergamotte
Le professeur Otto Schulze
Le professeur Paul Cantonneau
Rascar Capac
Huascar
Le señor inspector superior
Grand Précieux
Le professeur Anton Sanders-Hardmuth
Le noble "Fils du soleil"
Jeanne Clairmont
Jacques Clairmont
Caraco
Le professeur Hippolyte Calys
Marc Charlet
 
Statistiques - réponses
Réponse % Correct
Le capitaine Archibald Haddock
92%
Dupond et Dupont
90%
Le professeur Tryphon Tournesol
83%
Zorrino
58%
Chiquito
46%
Le noble "Fils du soleil"
38%
Huascar
33%
Le professeur Hippolyte Bergamotte
33%
Le professeur Paul Cantonneau
31%
Le señor inspector superior
27%
Jacques Clairmont
25%
Le professeur Anton Sanders-Hardmuth
21%
Marc Charlet
19%
Aucun quiz correspondant
Distribution des résultats
% des personnes avec chaque résultat
Percentile par nombre de réponses
Votre historique - résultats
Vous n’avez pas pris ce quiz